| 000 | 00612aam a2200229 4500 | ||
|---|---|---|---|
| 005 | 20231013085128.0 | ||
| 008 | 150511b1991 xxu||||| |||| 00| 0 spa d | ||
| 020 | _a9977120099 | ||
| 041 | _aESP | ||
| 082 | _a321.8 R934t | ||
| 100 |
_aRuiz Zúñiga, Ángel _919735 |
||
| 245 | _aLa tercera República: ensayo sobre la Costa Rica del futuro | ||
| 260 | _aCosta Rica | ||
| 260 | _bInstituto Centroamericano Cultura y Desarrollo | ||
| 260 | _c1991 | ||
| 300 | _a217 páginas | ||
| 650 | _aDEMOCRACIA | ||
| 650 | _aDESARROLLO SOCIAL | ||
| 650 | _aCOSTA RICA | ||
| 650 | _aSOCIOLOGÍA | ||
| 942 |
_cBK _2ddc |
||
| 999 |
_c5322 _d5322 |
||